书目信息 |
| 题名: |
中国文学理论批评发展史
|
|
| 作者: | 张少康 , 刘三富 著 | |
| 分册: | 下卷 | |
| 出版信息: | 北京 北京大学出版社 1995 |
|
| 页数: | 471页 | |
| 开本: | 20cm | |
| 丛书名: | ||
| 单 册: | ||
| 中图分类: | I206.09 | |
| 科图分类: | ||
| 主题词: | 文学批评史--中国 | |
| 电子资源: | ||
| ISBN: | 7-301-02811-3 | |
| 000 | 00687nam0 2200229 45 | |
| 001 | 0196021303 | |
| 005 | 20051223093524.71 | |
| 010 | @a7-301-02811-3@dCNY16.50 | |
| 100 | @a19950719d1995 kemy0chiy0121 ea | |
| 101 | 0 | @achi |
| 102 | @aCN@b110000 | |
| 105 | @ay zr 000zy | |
| 200 | 10 | @a中国文学理论批评发展史@AZHONG GUO WEN XUE LI LUN PI PING FA ZHAN SHI@h下卷@f张少康,刘三富著@FZHANG SHAO KANG , LIU SAN FU ZHU |
| 210 | @a北京@c北京大学出版社@d1995 | |
| 215 | @a471页@d20cm | |
| 314 | @a张少康,北京大学任教 | |
| 606 | @a文学批评史@y中国 | |
| 690 | @aI206.09@v3 | |
| 701 | 0 | @a张少康@4著 |
| 701 | 0 | @a刘三富@4著 |
| 801 | 0 | @aCN@bNLC@c20051223 |
| 905 | @f1@b274254@dI206.09@e17:2 | |
| 中国文学理论批评发展史.下卷/张少康,刘三富著.-北京:北京大学出版社,1995 |
| 471页;20cm |
| ISBN 7-301-02811-3:CNY16.50 |
| ● |
| 相关链接 |
|
|
|
|
正题名:中国文学理论批评发展史
索取号:I206.09/17:2
 
预约/预借
| 序号 | 登录号 | 条形码 | 馆藏地/架位号 | 状态 | 备注 |
| 1 | 0274253 | 202439405 | 第一样本阅览室/ [索取号:I206.09/17:2] | 在馆 | |
| 2 | 0274254 | 000667610 | 第二借阅区/ [索取号:I206.09/17:2] | 在馆 |